00624 a2200157 4500040001300000082001100013100002400024245012000048260005800168300002400226500001900250650004600269942002400315999001500339952011200354 aDLCbDLC a297.63 aChaudhry, M. Arshad aMoments of Reverence: A collection of poems on Life and Teachings of Prophet Muhammad (P.B.U.H)cM. Arshad Chaudhry aRawalpindi: Peshawar Road,bServices Book Clubc1993. axi, 79 p. ;c24 cm. aIncludes Index a1.Islamic Poetry.2.Muhammad, Prophet d632 cBKk297.63 CHA2ddc c7802d7802 001040708NFICaCLbCLcGENd2005-12-13eDonationl0o297.63 CHApSEECS006758r2012-11-14w2017-01-05yBK